Software engineering

Salvato in:
Dettagli Bibliografici
Autore principale: Jensen, Randal W.
Altri autori: Tonies, Charles C.
Natura: Libro
Lingua:inglese
Pubblicazione: Englewood Cliffs Prentice-Hall 1979
Tags: Aggiungi Tag
Nessun Tag, puoi essere il primo ad aggiungerne!!

MARC

LEADER 00000nam a2200000 4500
001 c127075
005 20041019155239.7
041 0 |a eng 
044 |a US 
245 1 0 |a Software engineering  |c Randal W. Jensen, Charles C. Tonies 
264 1 |a Englewood Cliffs  |b Prentice-Hall  |c 1979 
300 |a 580 s. 
100 1 |a Jensen, Randal W. 
700 1 |a Tonies, Charles C.